45 truyện ngắn chọn lọc và bình luận.
Sách gồm những ý kiến bình luận của một nhà văn về những truyện ngắn mà ông (Trần Quốc Toàn) đã đọc trong mấy mươi năm dạy học, làm báo và viết văn của mình. Sau những ý kiến ấy là chính những tác phẩm, những truyện ngắn hay được...
में बचाया:
| स्वरूप: | पुस्तक |
|---|---|
| भाषा: | Undetermined |
| प्रकाशित: |
Thành phố Hồ Chí Minh
Nxb Hội Nhà Văn
2004
|
| विषय: | |
| टैग : |
टैग जोड़ें
कोई टैग नहीं, इस रिकॉर्ड को टैग करने वाले पहले व्यक्ति बनें!
|
| Thư viện lưu trữ: | Trung tâm Học liệu Trường Đại học Cần Thơ |
|---|
| LEADER | 01079nam a2200205Ia 4500 | ||
|---|---|---|---|
| 001 | CTU_92229 | ||
| 008 | 210402s9999 xx 000 0 und d | ||
| 020 | |c 45000 | ||
| 082 | |a 895.922301 | ||
| 082 | |b B454/T.2 | ||
| 245 | 0 | |a 45 truyện ngắn chọn lọc và bình luận. | |
| 245 | 0 | |c Nguyễn Quốc Văn, ...[et.al] ; Tuyển chọn, bình luận : Trần Quốc Toàn | |
| 260 | |a Thành phố Hồ Chí Minh | ||
| 260 | |b Nxb Hội Nhà Văn | ||
| 260 | |c 2004 | ||
| 520 | |a Sách gồm những ý kiến bình luận của một nhà văn về những truyện ngắn mà ông (Trần Quốc Toàn) đã đọc trong mấy mươi năm dạy học, làm báo và viết văn của mình. Sau những ý kiến ấy là chính những tác phẩm, những truyện ngắn hay được bình luận | ||
| 650 | |a Short stories, Vietnamese | ||
| 650 | |x History and criticism | ||
| 904 | |i Mai Loan, H.Mai | ||
| 980 | |a Trung tâm Học liệu Trường Đại học Cần Thơ | ||